| 000 | 01499nam a2200457 i 4500 | ||
|---|---|---|---|
| 001 | 2053 | ||
| 003 | KOSZ 005 | ||
| 005 | 20220427102541.0 | ||
| 008 | 990506s1983 pl |000 0 pol | ||
| 015 | _aUWD 1983/8613 | ||
| 020 | _a8305112934 | ||
| 035 | _a991009349769705066 | ||
| 035 | _a(PL-WaBN)b12533506-48omnis_nlop | ||
| 035 | _ab12533506 | ||
| 035 | _a(OCoLC)69483054 | ||
| 035 | _a(PL)b0000001253350 | ||
| 035 | _a(EXLNZ-48OMNIS_NETWORK)9910143025505606 | ||
| 040 |
_aWA N _cWA N _dKOSZ 005/HR |
||
| 041 | 0 | _apol | |
| 046 | _k1983 | ||
| 080 | _a338.22(438)"19" | ||
| 245 | 0 | 0 |
_aReforma z bliska : _bwybór tekstów / _c[oprac.] Zdzisław Sadowski. |
| 260 |
_aWarszawa : _b"Książka i Wiedza", _c1983. |
||
| 300 |
_a227, [4] s. ; _c17 cm. |
||
| 336 |
_aTekst _btxt _2rdacontent |
||
| 337 |
_aBez urządzenia pośredniczącego _bn _2rdamedia |
||
| 338 |
_aWolumin _bnc _2rdacarrier |
||
| 380 | _aKsiążki | ||
| 388 | _a1901-2000 | ||
| 388 | _a1945-1989 | ||
| 490 | 1 | _aRefleksje, Poglądy | |
| 650 | 7 | _aReforma gospodarcza | |
| 651 | 7 |
_aPolska _2DBN |
|
| 658 | _aGospodarka, ekonomia, finanse | ||
| 700 | 1 |
_aSadowski, Zdzisław _d(1925-2018) _eOpracowanie |
|
| 710 | 2 |
_aSpółdzielnia Wydawniczo-Handlowa "Książka i Wiedza" _4pbl |
|
| 830 | 0 | _aRefleksje, Poglądy | |
| 856 |
_uhttp://koha.tu.koszalin.pl/cgi-bin/koha/opac-detail.pl?biblionumber=2053 _yKatalog online BPK |
||
| 942 |
_2UKD _cKS |
||
| 999 |
_c2053 _d2053 |
||